000 00632nam a2200181 u 4500
001 000020935
005 20200930011206.0
008 100824s1985 dr r 001 0 spa d
040 _aDO-SdBNP
_bspa
_cBNPHU
082 _axxxx
_bZ38p
100 1 _aZatar, Ayer S.
_943861
245 1 0 _aPalestina en el coliceo del mundo /
_cAyer S. Zatar.
260 _aSanto Domingo :
_bAlfa y Omega,
_c1985.
300 _a173 p. ;
_c21 cm.
500 _aMasacres, expansiones, agresiones y paz, una polĂ­tica colonialista imperialista Judeo-Sionista elaborada
500 _aIncluye datos biográficos del autor en la contracubieta
049 _aBNPD
999 _c20438
_d20438